Jusqu'où irez vous ? #27 (Culture Générale) - Statistiques

Statistiques générales
  • Ce quiz a été pris 182 fois
  • Le résultat moyen est 7 sur 20
Statistiques - réponses
Hint Réponse % Correct
De quelle série TV provient cet extrait ? A- Clem B- Pep's C- Soda D- L'autre
C
100%
D'où provient ce Chicken Sandwich? A- Burger King B- KFC C- McDonald's D- L'autre
B
97%
À quoi fait référence cet extrait ? A- Crise des missiles de Cuba B- Débarquement de la baie des Cochons C- Scandale du Watergate D- L'autre
C
95%
Dans quelle ville américaine se déroule le clip en extrait ? A- Chicago B- Détroit C- Philadelphie D- L'autre
C (Streets of Philadelphia de Bruce Springsteen)
90%
Comment s'appelle le streameur au premier plan, décédé au cours d'un long direct polémique sur la plateform Kick en 2025 ? A- Jean Pormanove B- Paul-Adrien d'Hardemare C- Xavier Dang D- L'autre
A
87%
En quelle année a lieu ce clash politique entre Jean-Luc Mélenchon et Marine Le Pen ? A- 2002 B- 2007 C- 2012 D- L'autre
A
73%
Quel personnage de Friends est caché dans la dinde ? A- Chandler Bing B- Joey Tribbiani C- Ross Geller D- L'autre
B
61%
De quel film provient cet extrait avec Penélope Cruz ? A- Bandidas B- Vanilla Sky C- Volver D- L'autre
B
45%
Dans quelle ville se déroule ce lever de coupe ? A - Barcelone B- Londres C- Rome D- L'autre
D (Munich - Finale Ligue des Champions OM 93 )
23%
Quelles paroles chante à capella Slimane dans cet extrait de sa prestation à l'Eurovision en 2024 après avoir marqué un silence ? A- J'ai peur, Reste avec moi B- Je rêve, Ne m'réveille pas C- Je t'aime, J'sais pas pourquoi D- L'autre
C
17%
Qui est cette actrice ? A- Connie Nielsen B- Kim Basinger C- Michelle Pfeiffer D- L'autre B
13%
À quel évènement réagit avec émotion Pierre-Jean Chalençon dans cet extrait ? A- à l'arrêt de l'émission TV Carré ViiiP B- à l'entrée en prison de Nicolas Sarkozy C - à une enchère dans Affaire conclue D- L'autre
D (au cambriolage du Louvre)
10%
De quel circuit de F1 provient cette représentation du raidillon de l'Eau Rouge ? A- Circuit de Monaco B- Circuit de Nevers Magny-Cours C- Circuit de Spa-Francorchamps D- L'autre
C
8%
Comment s'appelle le personnage joué à tour de rôle par Mary-Kate and Ashley Olsen dans la série TV La Fête à la maison ? A- Kimmy Gibbler B- Michelle Tanner C- Rebecca Donaldson D- L'autre
B
5%
Quelle franchise de NHL célèbre un but dans cet extrait ? A- Hurricanes de la Caroline B- Kraken de Seattle C- Sénateurs d'Ottawa D- L'autre
A
1%
De quelle série TV provient cet extrait ? A- American Horror Story B- Breaking Bad C- Charmed D- L'autre
B
1%
Comment s'appelle ce juré de X-Factor (Royaume-Uni) ? A- Dermot O'Leary B- Gary Barlow C- Louis Walsh D- L'autre
C
1%
De quel dirigeant politique s'agit t-il ? A- August Zaleski B- Josip Broz Tito C- Slobodan Milošević D- L'autre
D (Nicolae Ceaușescu)
1%
Comment s'appelle le pokemon Ronflex en anglais ? A- Snorlax B- Spilder C- Sworden D- L'autre
A
0%
Comment s'appelle la cryptomonnaie communautaire et la marque virale Web3 , centrée sur un personnage de « singe joueur dégénéré », qui s'est étendue d'un jeton numérique à un écosystème multichaîne avec des produits physiques ? A- DONKE B- FONKE C- PONKE D- L'autre
C
0%
Aucun quiz correspondant
Distribution des résultats
% des personnes avec chaque résultat
Percentile par nombre de réponses
Votre historique - résultats
Vous n’avez pas pris ce quiz